000 00782nam a2200253 i 4500
001 C2-0343246
003 PPAK
005 20180728144450.0
008 170911s2017 my a|||| ||||| | eng d
020 _a9789674610173
040 _aPPAK
_beng
_cPPAK
_erda
082 0 4 _a340.112
_223
090 0 0 _a340.112
_bSHA
_dR
100 0 _aShad Saleem Faruqi,
_eauthor
245 1 0 _aReflections on life and the law
264 1 _aPulau Pinang :
_bPenerbit Universiti Sains Malaysia ,
_c2017
300 _axxii, 477 pages :
_billustrations ;
_c24 cm
336 _2rdacontent
_atext
337 _2rdamedia
_aunmediated
338 _2rdacarrier
_avolume
500 _aIncludes indexes
650 1 0 _aLaw - Philosophy. ; Constitutional law - Malaysia. ; Law and ethnics.
942 _ddc
_cB
999 _c140122
_d140122